Gent gran : una política integrada per abordar l'envelliment de la població : qualitat de vida, interdependència i ciutadania una política integrada per abordar l'envelliment de la població :
Descripción Física:
39 p. ; 30 cm
MARC
| LEADER | 00000nam a2200000Ia 4500 | ||
|---|---|---|---|
| 001 | 21301 | ||
| 003 | BGR | ||
| 005 | 20260324175759.0 | ||
| 008 | 160829s2005 xx 000 0 cat d | ||
| 080 | |a FU-36-31 | ||
| 245 | |a Gent gran : |b una política integrada per abordar l'envelliment de la població : |b qualitat de vida, interdependència i ciutadania | ||
| 260 | |a Barcelona : |b Diputació de Barcelona. [Àrea de Benestar Social], |c 2005 | ||
| 300 | |a 39 p. ; |c 30 cm | ||
| 590 | |a A la coberta: Fòrum de regidores i regidors de benestar social. | ||
| 590 | |a Sense enquadernar (grapat) | ||
| 650 | |a Envelliment de la població |9 41002 | ||
| 650 | 0 | |a Persones grans |9 24017 | |
| 710 | 1 | |a Barcelona (Catalunya : Província). |b Àrea de Benestar Social |9 52988 | |
| 711 | |a Fòrum de Regidores i Regidors de Benestar Social |9 70931 | ||
| 901 | |a Arxiu | ||
| 942 | |n 1 |2 udc |c MON | ||
| 952 | |0 0 |1 0 |4 0 |6 FU3631 |7 1 |9 49990 |a Arxiu |b Arxiu |d 2016-12-01 |l 0 |o FU-36-31 |p 21301 |r 2016-12-01 00:00:00 |w 2016-12-01 |y ARXIU | ||
| 999 | |c 53832 |d 53832 | ||